LEADER 01609nam1 22003613i 450 001 MIL0050217 005 20231121125529.0 100 $a20170215d1923 ||||0itac50 ba 101 | $afre 102 $ade 181 1$6z01$ai $bxxxe 182 1$6z01$an 200 1 $a˜Les œfiligranes$edictionnaire historique des marques du papier des leur apparition vers 1282 jusqu'en 1600$fC. M. Briquet 205 $a2. ed 210 $aLeipzig$cHiersemann$d1923 215 $a4 v. (846 p. compless.)$cill., c. di tav., 16112 facs.$d33 cm. 463 1$1001MIL0050261$12000 $a1.: A-Ch$fC. M. Briquet$v1 463 1$1001MIL0050277$12000 $a2.: Ci-K$fC. M. Briquet$v2 463 1$1001MIL0050283$12000 $a3.: L-O$fC. M. Briquet$v3 463 1$1001MIL0050287$12000 $a4.: P-Z$fC. M. Briquet$v4 606 $aFiligrane$xSec. 13.-16.$xRepertori$2FIR$3RMLC404371$9I 676 $a676.28027$9SPECIFICI TIPI DI CARTA E DI PRODOTTO DI CARTA. Brevetti e marchi d'identificazione, include le filigrane$v21 700 1$aBriquet$b, Charles Moïse$3SBLV277923$4070$0468138 790 1$aBriquet$b, Charles M.$3TSAV361756$zBriquet, Charles Moïse 801 3$aIT$bIT-01$c20170215 850 $aIT-RM0281 $aIT-FR0017 899 $aBIBLIOTECA VALLICELLIANA$bRM0281 899 $aBiblioteca umanistica Giorgio Aprea$bFR0017 912 $aMIL0050217 950 1$aBiblioteca umanistica Giorgio Aprea$d 52SALA BRAGAS.S.L. 513.1$d 52SALA BRAGAS.S.L. 513.2$d 52SALA BRAGAS.S.L. 513.3$d 52SALA BRAGAS.S.L. 513.4 977 $a 08$a 52 996 $aFiligranes$9218429 997 $aUNICAS